The process of village formation and social transition in Barkhola Village in Barak valley 1736-1921 (Record no. 22184)
[ view plain ]
| 000 -LEADER | |
|---|---|
| fixed length control field | 00464nam a2200145Ia 4500 |
| 082 ## - DEWEY DECIMAL CLASSIFICATION NUMBER | |
| Classification number | RL.0027 |
| 100 ## - MAIN ENTRY--AUTHOR NAME | |
| Personal name | Laskar, S. Deb |
| 245 #4 - TITLE STATEMENT | |
| Title | The process of village formation and social transition in Barkhola Village in Barak valley 1736-1921 |
| 260 ## - PUBLICATION, DISTRIBUTION, ETC. (IMPRINT) | |
| Year of publication | 1997 |
| Name of publisher | Indian Council of Social Science Research, New Delhi |
| 300 ## - PHYSICAL DESCRIPTION | |
| Number of Pages | 38p. |
| 650 ## - SUBJECT ADDED ENTRY--TOPICAL TERM | |
| Topical Term | BARKHOLA VILLAGE |
| 650 ## - SUBJECT ADDED ENTRY--TOPICAL TERM | |
| Topical Term | VILLAGES - ASSAM///BARKHOLA VILLAGE |
| 650 ## - SUBJECT ADDED ENTRY--TOPICAL TERM | |
| Topical Term | ASSAM - HISTORY |
| 942 ## - ADDED ENTRY ELEMENTS (KOHA) | |
| Koha item type | Research Reports |
| Source of classification or shelving scheme | Dewey Decimal Classification |
| Withdrawn status | Lost status | Damaged status | Not for loan | Collection code | Home library | Current library | Date acquired | Bill Date | Full call number | Accession Number | Price effective from | Koha item type |
|---|---|---|---|---|---|---|---|---|---|---|---|---|
| Not For Loan | Major Research Project Reports | NASSDOC Library | NASSDOC Library | 08/10/2004 | 2004-10-05 | RL.0027 | 38101 | 18/04/2019 | Research Reports | |||
| Major Research Project Reports | NASSDOC Library | NASSDOC Library | 08/10/2004 | 2004-10-05 | RL.0027 | 38102 | 18/04/2019 | Research Reports |
